MLB World Series Winners - Statistics

General Stats
  • This quiz has been taken 786 times
  • The average score is 99 of 119
Answer Stats
Year Winner % Correct
1923 | 1927 | 1928 | +24 others New York Yankees
98%
1972 | 1973 | 1974 | 1989 Oakland Athletics
97%
1919 | 1940 | 1975 | +2 others Cincinnati Reds
96%
1959 | 1963 | 1965 | +3 others Los Angeles Dodgers
96%
1912 | 1915 | 1916 | +5 others Boston Red Sox
95%
2017 | 2022 Houston Astros
95%
1906 | 1917 | 2005 Chicago White Sox
91%
1907 | 1908 | 2016 Chicago Cubs
90%
2023 Texas Rangers
90%
1905 | 1921 | 1922 | +2 others New York Giants
89%
2010 | 2012 | 2014 San Francisco Giants
89%
1995 | 2021 Atlanta Braves
88%
1926 | 1931 | 1934 | +8 others St. Louis Cardinals
87%
1969 | 1986 New York Mets
86%
1980 | 2008 Philadelphia Phillies
84%
2019 Washington Nationals
84%
1985 | 2015 Kansas City Royals
83%
1997 | 2003 Florida Marlins
82%
2001 Arizona Diamondbacks
81%
1909 | 1925 | 1960 | +2 others Pittsburgh Pirates
79%
1992 | 1993 Toronto Blue Jays
78%
1920 | 1948 Cleveland Indians
76%
1935 | 1945 | 1968 | 1984 Detroit Tigers
76%
1966 | 1970 | 1983 Baltimore Orioles
75%
1987 | 1991 Minnesota Twins
72%
2002 Anaheim Angels
22%
1955 Brooklyn Dodgers
18%
1957 Milwaukee Braves
12%
1910 | 1911 | 1913 | +2 others Philadelphia Athletics
12%
1903 Boston Americans
11%
1914 Boston Braves
11%
1924 Washington Senators
9%
No matching quizzes found
Score Distribution
Percent of People with Each Score
Percentile by Number Answered
Your Score History
You have not taken this quiz